The Usborne illustrated dictionary of science: (Record no. 6031)
[ view plain ]
| 000 -LEADER | |
|---|---|
| fixed length control field | 00882nam a2200217 4500 |
| 008 - FIXED-LENGTH DATA ELEMENTS--GENERAL INFORMATION | |
| fixed length control field | 161215b xxu||||| |||| 00| 0 eng d |
| 020 ## - INTERNATIONAL STANDARD BOOK NUMBER | |
| International Standard Book Number | 9780746034866 |
| 082 ## - DEWEY DECIMAL CLASSIFICATION NUMBER | |
| Edition number | [2001]. |
| Classification number | DRef 500.03 |
| Item number | St6 |
| 100 ## - MAIN ENTRY--PERSONAL NAME | |
| 9 (RLIN) | 18295 |
| Personal name | Stockley, Corinne |
| 245 ## - TITLE STATEMENT | |
| Title | The Usborne illustrated dictionary of science: |
| Remainder of title | [a complete reference guide to physics, chemistry and biology]/ |
| Statement of responsibility, etc. | Corinne Stockley, Chris Oxlade and Jane Wertheim. |
| 260 ## - PUBLICATION, DISTRIBUTION, ETC. (IMPRINT) | |
| Place of publication, distribution, etc. | London [u.a.]: |
| Name of publisher, distributor, etc. | Usborne, |
| Date of publication, distribution, etc. | c2001. |
| 300 ## - PHYSICAL DESCRIPTION | |
| Extent | 382 pages: |
| Other physical details | color illustrations: |
| Dimensions | 25 cm. |
| 500 ## - GENERAL NOTE | |
| General note | Includes glossary and index. |
| 650 #0 - SUBJECT ADDED ENTRY--TOPICAL TERM | |
| 9 (RLIN) | 18296 |
| Topical term or geographic name as entry element | Science |
| Form subdivision | Dictionaries |
| General subdivision | Juvenile |
| 650 #0 - SUBJECT ADDED ENTRY--TOPICAL TERM | |
| 9 (RLIN) | 18297 |
| Topical term or geographic name as entry element | Physics |
| Form subdivision | Dictionaries |
| General subdivision | Juvenile |
| 650 #0 - SUBJECT ADDED ENTRY--TOPICAL TERM | |
| 9 (RLIN) | 18298 |
| Topical term or geographic name as entry element | Chemistry |
| Form subdivision | Dictionaries |
| General subdivision | Juvenile |
| 700 ## - ADDED ENTRY--PERSONAL NAME | |
| 9 (RLIN) | 18299 |
| Personal name | Oxlade, Chris |
| Relator term | Author |
| 700 ## - ADDED ENTRY--PERSONAL NAME | |
| 9 (RLIN) | 18300 |
| Personal name | Wertheim, Jane |
| Relator term | Author |
| 365 ## - TRADE PRICE | |
| Price amount | 2062.50 |
| Currency code | Php |
| 942 ## - ADDED ENTRY ELEMENTS (KOHA) | |
| Source of classification or shelving scheme | Dewey Decimal Classification |
| Koha item type | Reference |
| Withdrawn status | Lost status | Source of classification or shelving scheme | Damaged status | Not for loan | Collection code | Home library | Current library | Date acquired | Source of acquisition | Total Checkouts | Full call number | Barcode | Date last seen | Price effective from | Koha item type |
|---|---|---|---|---|---|---|---|---|---|---|---|---|---|---|---|
| Dewey Decimal Classification | Reference | UM Digos College - LIC | UM Digos College - LIC | 09/24/2010 | Purchased | DRef 500.03 St6 2001 | 21106 | 05/15/2025 | 12/15/2016 | Reference |
